Statistics for Myanmar Country Quiz

Click here to take the quiz!

General Stats

  • This quiz has been taken 7,232 times
    (6,915 since last reset)
  • The average score is 16 of 22

Answer Stats

Clue Answer % Correct
Alternative name for MyanmarBurma
98%
Bordering countryThailand
96%
Bordering countryIndia
96%
Dominant religionBuddhism
95%
Bordering countryChina
95%
European country which
colonized Myanmar
United Kingdom
94%
Bordering countryBangladesh
94%
Bordering countryLaos
92%
Religion of the persecuted Rohingya
ethnic group
Islam
87%
Myanmar is one of three countries to
not officially use this system
(the others are the U.S. and Liberia)
Metric System
84%
Myanmar is located on this ocean bayBay of {Bengal}
83%
Country that invaded in 1942Japan
83%
Former English-language spelling
of the above
Rangoon
67%
J word that refers to a ruling
military clique such as the one that
ruled Myanmar from 1988-2011
Junta
65%
Capital city of MyanmarNaypyidaw
63%
Most populous cityYangon
63%
P word that describes certain types of
temple buildings in many Asian
countries including Myanmar
Pagoda
57%
It also borders this sea{Andaman} Sea
45%
Second most-populous cityMandalay
39%
Political leader who was under
house arrest for 20 years
{Aung} San
Suu Kyi
38%
U.N. Secretary General, 1961-71U {Thant}
27%
Myanmar's main riverIrrawaddy
24%

Score Distribution

Percentile by Number Answered

Percent of People with Each Score

Your Score History

You have not taken this quiz since the last reset